000 00475nam a2200181Ia 4500
001 20831
005 20260306172834.0
008 260306t2016||||xx |||||||||||||| ||spa||
041 _aESP
082 _a343.8
_bF42A
100 _aFernández Ventosilla, Arturo
_eAUT
245 0 _aPresunciones tributarias:
_bcriterios de su aplicación por la SUNAT
260 _c2016
300 _a214 páginas :
_c24 cm.
650 _aGEN
654 _aCDE
942 _cLIB
_dJUS
_fJUS
_2ddc
_n
999 _c20831
_d20831